00444 2200169 4500001002100000008004100021035002000062245004700082100002700129260003200156300001300188020001800201084001400219082000800233650001400241990001900255INLIS000000000003154 ind  a0010-0724003154 aTata Cara Merawat JenazahcI Ketut Gunarta aSritomo Wignjosoebroto aSurabayabGuna Widayac2009 a302 hlm. a979-545-001-8 a690 SRI t a690 aNon Fiksi aP29/CP/24/3154